000 00799nam a2200253Ia 4500
003 OSt
005 20220928104405.0
006 a|||||r|||| 00| 0
007 ta
008 220927b |||||||| |||| 00| 0 hin d
020 _c800
024 _a127187
037 _b4521, 23/10/2015, Meharchand Lachhmandas Publicaitons
_cTextual
040 _aSDCL
_cSDCL
_bhin
041 _2hin
_ahin
082 _aR635x2'1, Q4
100 _aRajamartanda
_9410221
245 0 _aRajamartanda of king Bhojaraja with deepshikha commentary
260 _aVaransi
_bKala evam Dharam Shod Sansthan
_c2014
300 _a280p
_ccm.
650 _aSanskrit
_9391587
942 _hR635x2'1, Q4
_cTEXL
_2CC
999 _c725824
_d725824